000 00631nam a2200157Ia 4500
003 GCL
008 140319s9999 xx 000 0 ara d
040 _aGCL /
_cGCL
082 0 4 _a252.23
_bا خ
100 1 _aابن قيم الجوزية: شمس الدين ابو عبدالله محمد بن ابى بكر
245 1 0 _aخصائص يوم الجمعة /
_cابن قيم الجوزية: شمس الدين ابو عبدالله محمد بن ابى بكر
260 _a[S.N] :
_bالمكتبة القيمة للطباعة والنشر والتوزيع
490 _a
650 0 4 _aالفقه الاسلامى
942 _2ddc
_cBK
999 _c53504
_d53504